Management techniques for elasmobranch fisheries/ (Record no. 15997)

000 -LEADER
fixed length control field 00601nam a2200193Ia 4500
020 ## - INTERNATIONAL STANDARD BOOK NUMBER
ISBN 9251054037
040 ## - CATALOGING SOURCE
Transcribing agency IHW
082 ## - DEWEY DECIMAL CLASSIFICATION NUMBER
Classification number 639 FOO 2005 A090 Or.
245 00 - TITLE STATEMENT
Title Management techniques for elasmobranch fisheries/
260 ## - PUBLICATION, DISTRIBUTION, ETC. (IMPRINT)
Place of publication Rome :
Name of publisher Food and Agriculture Organization of the United Nations,
Year of publication 2005
300 ## - PHYSICAL DESCRIPTION
Number of Pages vii, 251 p. :
Other physical details ill. ;
Dimensions 30cm
650 #0 - SUBJECT ADDED ENTRY--TOPICAL TERM
Topical Term Shark fisheries
650 #0 - SUBJECT ADDED ENTRY--TOPICAL TERM
Topical Term Elasmobranch fisheries
650 #0 - SUBJECT ADDED ENTRY--TOPICAL TERM
Topical Term Sustainable fisheries
700 1# - ADDED ENTRY--PERSONAL NAME
Personal name Musick, John A
700 1# - ADDED ENTRY--PERSONAL NAME
Personal name Bonfil, Ram©đn
710 2# - ADDED ENTRY--CORPORATE NAME
Corporate name or jurisdiction name as entry element Food and Agriculture Organization of the United Nations
942 ## - ADDED ENTRY ELEMENTS (KOHA)
Koha item type សៀវភៅភាសាអង់គ្លេស
952 ## - LOCATION AND ITEM INFORMATION (KOHA)
Withdrawn status [LOCAL, KOHA] 0
Holdings
Permanent Location Date acquired Koha item type Lost status Shelving location Barcode Current Location Full call number
Library Block A2017-12-25សៀវភៅភាសាអង់គ្លេស A090RUA061225Library Block A639 FOO 2005 A090 Or.
មជ្ឈមណ្ឌលឯការនៃសាកលវិទ្យាល័យភូមិន្ទកសិកម្មចំការដូង

Powered by Koha